[Event "Mundial Juvenil 2005 s12"]
[Site "Belfort FRA"]
[Date "2005.07.21"]
[Round "3.18"]
[White "Wright, Jonathan"]
[Black "Corlatescu, Dragos"]
[Result "0-1"]
[WhiteElo "1599"]
[BlackElo "1928"]
[PlyCount "126"]
[EventDate "2005.07.19"]
[EventType "swiss"]
[EventRounds "11"]
[EventCountry "FRA"]
[Source "lmi"]
[SourceDate "2005.07.31"]

1. e4 e5 2. Nf3 Nc6 3. Bc4 Be7 4. d4 d6 5. h3 Nf6 6. Nc3 O-O 7. O-O a6 8. a3
exd4 9. Nxd4 Nxd4 10. Qxd4 Be6 11. Bd3 b6 12. b4 Nd7 13. Qe3 Bf6 14. Bd2 Ne5
15. f4 Nc4 16. Qe2 Bd4+ 17. Kh1 Nxd2 18. Qxd2 Qf6 19. e5 dxe5 20. Ne4 Qe7 21.
c3 f5 22. cxd4 fxe4 23. Bxe4 Rac8 24. fxe5 Qh4 25. Rxf8+ Rxf8 26. Qd3 Rf4 27.
d5 Rxe4 28. dxe6 Re1+ 29. Rxe1 Qxe1+ 30. Kh2 Qxe5+ 31. Qg3 Qxe6 32. Qxc7 b5 33.
Qb8+ Kf7 34. Qc7+ Qe7 35. Qf4+ Qf6 36. Kg3 g5 37. Qxf6+ Kxf6 38. Kf3 Kf5 39.
g4+ Ke5 40. Ke3 h6 41. Kd3 Kf4 42. Kd4 Kg3 43. Kc5 Kxh3 44. Kb6 Kxg4 45. Kxa6
h5 46. Kxb5 h4 47. Ka6 h3 48. b5 h2 49. b6 h1=Q 50. b7 Qa1 51. Kb6 Qxa3 52. Kc7
Qc5+ 53. Kb8 Kf5 54. Ka8 Qa5+ 55. Kb8 Ke6 56. Kc8 Qc5+ 57. Kb8 Ke7 58. Ka8 Qa5+
59. Kb8 Qa6 60. Kc7 Qa7 61. Kc8 Qa6 62. Kc7 Qd6+ 63. Kc8 Qd8# 0-1

[Event "Mundial Juvenil 2005 s12"]
[Site "Belfort FRA"]
[Date "2005.07.21"]
[Round "3.19"]
[White "Rzayev, Bahruz"]
[Black "Belous, Vladimir"]
[Result "1-0"]
[WhiteElo "1599"]
[BlackElo "2218"]
[PlyCount "74"]
[EventDate "2005.07.19"]
[EventType "swiss"]
[EventRounds "11"]
[EventCountry "FRA"]
[Source "lmi"]
[SourceDate "2005.07.31"]

1. e4 c5 2. f4 Nc6 3. Nf3 g6 4. Bb5 Bg7 5. Bxc6 dxc6 6. d3 Nf6 7. O-O O-O 8.
Nc3 b6 9. Qe1 Ba6 10. b3 b5 11. Bb2 Qb8 12. Ne5 c4 13. Kh1 Qb7 14. b4 Nd7 15.
d4 Nxe5 16. fxe5 Qb6 17. Ne2 Bb7 18. Qh4 Qc7 19. Bc3 a5 20. Rf3 Bc8 21. a3 Qd8
22. Raf1 h5 23. h3 Rb8 24. bxa5 Qc7 25. e6 f6 26. e5 Bxe6 27. exf6 exf6 28. d5
cxd5 29. Bxf6 Qd7 30. Bxg7 Kxg7 31. Nf4 Bf7 32. Rg3 Kh7 33. Qf6 Qf5 34. Nxg6
Qxf1+ 35. Qxf1 Bxg6 36. Qc1 Kg7 37. Qg5 Rf6 1-0

[Event "Mundial Juvenil 2005 s12"]
[Site "Belfort FRA"]
[Date "2005.07.23"]
[Round "5.1"]
[White "Sjugirov, Sanan"]
[Black "Ter Sahakyan, Samvel"]
[Result "1-0"]
[WhiteElo "2358"]
[BlackElo "2140"]
[PlyCount "153"]
[EventDate "2005.07.19"]
[EventType "swiss"]
[EventRounds "11"]
[EventCountry "FRA"]
[Source "lmi"]
[SourceDate "2005.07.31"]

1. e4 c5 2. Nc3 e6 3. Nf3 Nc6 4. d4 cxd4 5. Nxd4 d6 6. Be3 Nf6 7. f3 Be7 8. Qd2
a6 9. g4 Nxd4 10. Bxd4 e5 11. Be3 Be6 12. g5 Nd7 13. O-O-O O-O 14. h4 b5 15.
Kb1 Nb6 16. Bxb6 Qxb6 17. Bh3 a5 18. Qg2 b4 19. Nd5 Bxd5 20. Rxd5 a4 21. Rd3
Qa6 22. Qd2 Rfb8 23. Rd1 Qc4 24. Rc1 Qa6 25. Bf1 Rb6 26. h5 Qb7 27. Rd5 b3 28.
cxb3 axb3 29. a3 Rc8 30. Rxc8+ Qxc8 31. Rd3 g6 32. Rc3 Qd8 33. hxg6 hxg6 34.
Qd5 Bxg5 35. Bc4 Qe7 36. Bxb3 Kg7 37. Ka2 Bh4 38. Rc2 Bg5 39. Qd3 Bf4 40. Bd5
Qa7 41. Qc3 Qb8 42. Qc4 Qe8 43. Qc8 Qxc8 44. Rxc8 f5 45. b4 fxe4 46. fxe4 g5
47. Kb3 Kf6 48. a4 Bd2 49. Rf8+ Ke7 50. Rf7+ Kd8 51. b5 Be1 52. Rg7 Bd2 53. Kc4
Rb8 54. Be6 Rb6 55. Bd5 Rb8 56. Bc6 g4 57. Kd5 g3 58. Kxd6 Bb4+ 59. Ke6 Be1 60.
Kd5 Kc8 61. Rf7 Kd8 62. Ra7 Ba5 63. Rg7 Be1 64. Kc5 g2 65. Rxg2 Ke7 66. b6 Bc3
67. b7 Bd4+ 68. Kb5 Kd6 69. Rg6+ Kc7 70. Rg7+ Kd6 71. a5 Rf8 72. Rd7+ Ke6 73.
Rc7 Rb8 74. a6 Kd6 75. Rc8 Ba7 76. Be8 Ke6 77. Rxb8 1-0

[Event "Mundial Juvenil 2005 s12"]
[Site "Belfort FRA"]
[Date "2005.07.23"]
[Round "5.2"]
[White "Nyzhnyk, Illya"]
[Black "Rajesh, V A V."]
[Result "1/2-1/2"]
[WhiteElo "2131"]
[BlackElo "2157"]
[PlyCount "104"]
[EventDate "2005.07.19"]
[EventType "swiss"]
[EventRounds "11"]
[EventCountry "FRA"]
[Source "lmi"]
[SourceDate "2005.07.31"]

1. e4 e6 2. d4 g6 3. Nf3 Bg7 4. Be2 Ne7 5. O-O d5 6. e5 c5 7. c3 Qb6 8. Na3 Bd7
9. Rb1 Nbc6 10. Nc2 O-O 11. b4 cxd4 12. cxd4 f6 13. Ba3 Qd8 14. b5 Na5 15. Qd2
b6 16. Rfc1 fxe5 17. Nxe5 Re8 18. f4 Nf5 19. g3 Rc8 20. Ne3 Bxe5 21. dxe5 Nxe3
22. Qxe3 Nc4 23. Bxc4 Rxc4 24. Rxc4 dxc4 25. Qd4 Qc7 26. Bd6 Qb7 27. Rb4 Rc8
28. Rxc4 Bxb5 29. Rxc8+ Qxc8 30. Ba3 Qd7 31. Qd6 Qxd6 32. Bxd6 Bc4 33. a3 Kf7
34. Kf2 Ke8 35. Ke3 Kd7 36. Kd4 Bd5 37. Bb4 Kc6 38. Bd6 Kb5 39. Bf8 Bf3 40. Be7
Ka4 41. Kc3 Bd5 42. Bb4 Bf3 43. Bd6 Kb5 44. Kd4 Bg4 45. Bb8 Kc6 46. Bd6 Bf5 47.
h4 Kb5 48. Bf8 Ka4 49. Kc3 a5 50. Bd6 Bg4 51. Bf8 Kb5 52. Kd4 Bf5 1/2-1/2

[Event "Mundial Juvenil 2005 s12"]
[Site "Belfort FRA"]
[Date "2005.07.23"]
[Round "5.4"]
[White "Matuszewski, Michal"]
[Black "Kavaliou, Uladzislau"]
[Result "0-1"]
[WhiteElo "1999"]
[BlackElo "2027"]
[PlyCount "86"]
[EventDate "2005.07.19"]
[EventType "swiss"]
[EventRounds "11"]
[EventCountry "FRA"]
[Source "lmi"]
[SourceDate "2005.07.31"]

1. e4 c5 2. Nc3 Nc6 3. f4 e6 4. g3 d6 5. Bg2 g6 6. Nf3 Bg7 7. d3 Nge7 8. O-O
O-O 9. Bd2 a6 10. Kh1 b5 11. Rb1 Bb7 12. Ne2 a5 13. g4 f5 14. Ng5 Qd7 15. gxf5
exf5 16. Bc3 Nd4 17. Bxd4 cxd4 18. c3 dxc3 19. Qb3+ d5 20. bxc3 a4 21. Qxb5
Qxb5 22. Rxb5 Ba6 23. c4 Bxb5 24. cxb5 dxe4 25. dxe4 Rab8 26. Ne6 Rfc8 27. Nxg7
Kxg7 28. Nd4 fxe4 29. Bxe4 Rc4 30. Nc6 Nxc6 31. Bxc6 Rf8 32. Kg2 Rfxf4 33. Rxf4
Rxf4 34. a3 Rf6 35. Kg3 Rd6 36. Kf4 Rd3 37. b6 Rxa3 38. Bd5 Ra1 39. b7 Rb1 40.
Ke5 a3 41. Kf4 Rxb7 42. Ke3 Re7+ 43. Kd2 Rd7 0-1

[Event "Mundial Juvenil 2005 s12"]
[Site "Belfort FRA"]
[Date "2005.07.23"]
[Round "5.5"]
[White "Hou, Yifan"]
[Black "Negi, Parimarjan"]
[Result "1/2-1/2"]
[WhiteElo "2158"]
[BlackElo "2376"]
[PlyCount "79"]
[EventDate "2005.07.19"]
[EventType "swiss"]
[EventRounds "11"]
[EventCountry "FRA"]
[Source "lmi"]
[SourceDate "2005.07.31"]

1. e4 c5 2. Nf3 e6 3. d4 cxd4 4. Nxd4 a6 5. Bd3 Qc7 6. c4 Nc6 7. Nxc6 dxc6 8.
O-O e5 9. Nc3 Nf6 10. h3 Nd7 11. Kh1 Bc5 12. f4 Bd4 13. Ne2 c5 14. Nxd4 cxd4
15. fxe5 Nxe5 16. Be2 Qd6 17. Bf4 O-O 18. Rc1 Rd8 19. c5 Qe6 20. Qd2 Qe7 21.
Bd1 f6 22. Bxe5 fxe5 23. c6 bxc6 24. Rxc6 Bb7 25. Bb3+ Kh8 26. Re6 Qh4 27. Rxe5
Rf8 28. Bf7 Bxe4 29. Rf4 Qxh3+ 30. Kg1 Qd3 31. Qxd3 Bxd3 32. Rxd4 Bb5 33. Bc4
Bxc4 34. Rxc4 h6 35. Re7 Rf6 36. Rcc7 Rg6 37. b4 Rd8 38. Rcd7 Rc8 39. Rc7 Rb8
40. Rb7 1/2-1/2

[Event "Mundial Juvenil 2005 s12"]
[Site "Belfort FRA"]
[Date "2005.07.23"]
[Round "5.6"]
[White "Sethuraman, S.p"]
[Black "Prsasanna, Raghuram Rao"]
[Result "1-0"]
[WhiteElo "2203"]
[BlackElo "2027"]
[PlyCount "59"]
[EventDate "2005.07.19"]
[EventType "swiss"]
[EventRounds "11"]
[EventCountry "FRA"]
[Source "lmi"]
[SourceDate "2005.07.31"]

1. e4 c5 2. Nf3 d6 3. d4 cxd4 4. Qxd4 e5 5. Bb5+ Bd7 6. Qd3 Nf6 7. Bg5 Bxb5 8.
Qxb5+ Qd7 9. Nc3 a6 10. Qb3 Be7 11. Bxf6 Bxf6 12. Nd5 Bd8 13. O-O-O O-O 14. Ne3
Nc6 15. Rd5 Na5 16. Qa3 b6 17. Nxe5 Qb7 18. Qxd6 Bc7 19. Qa3 Rfe8 20. Nf3 Rxe4
21. Qd3 Re7 22. Nf5 Ree8 23. Qd4 Bf4+ 24. Kb1 Bh6 25. Nd6 Qe7 26. Nxe8 Rxe8 27.
Re5 Qf8 28. Rxe8 Qxe8 29. Re1 Qf8 30. Qd7 1-0

[Event "Mundial Juvenil 2005 s12"]
[Site "Belfort FRA"]
[Date "2005.07.23"]
[Round "5.7"]
[White "Robson, Ray"]
[Black "Strzemiecki, Zbigniew"]
[Result "1/2-1/2"]
[WhiteElo "2021"]
[BlackElo "2195"]
[PlyCount "83"]
[EventDate "2005.07.19"]
[EventType "swiss"]
[EventRounds "11"]
[EventCountry "FRA"]
[Source "lmi"]
[SourceDate "2005.07.31"]

1. e4 e6 2. d4 d5 3. Nc3 Nf6 4. Bg5 dxe4 5. Nxe4 Be7 6. Bxf6 gxf6 7. Nf3 Qd5 8.
Bd3 Nc6 9. Qd2 Bd7 10. c4 Qh5 11. O-O-O O-O-O 12. Ng3 Qg4 13. h3 Qg7 14. Nh5
Qf8 15. a3 Kb8 16. Nf4 Bc8 17. Ne2 f5 18. Qe3 Rg8 19. g3 Bf6 20. Ne5 Nxe5 21.
dxe5 Be7 22. Nc3 Bc5 23. Qe2 b6 24. Kb1 Bd7 25. Rhe1 a6 26. Rc1 Bd4 27. Na4 Bc6
28. Nc3 Bxf2 29. Red1 Bd4 30. c5 Bxc5 31. Bxa6 Rxd1 32. Qxd1 Rxg3 33. Bb5 Rg1
34. Bxc6 Rxd1 35. Rxd1 f4 36. Nb5 f6 37. Rd7 Qc8 38. exf6 f3 39. Rxc7 Qa6 40.
Rd7 Qc8 41. Rc7 Qa6 42. Rd7 1/2-1/2

[Event "Mundial Juvenil 2005 s12"]
[Site "Belfort FRA"]
[Date "2005.07.23"]
[Round "5.9"]
[White "Coll Ortega, Jordi"]
[Black "Mihok, Oliver"]
[Result "0-1"]
[WhiteElo "2006"]
[BlackElo "2157"]
[PlyCount "72"]
[EventDate "2005.07.19"]
[EventType "swiss"]
[EventRounds "11"]
[EventCountry "FRA"]
[Source "lmi"]
[SourceDate "2005.07.31"]

1. e4 c5 2. Nf3 e6 3. d4 cxd4 4. Nxd4 Nc6 5. Nc3 Qc7 6. Be2 a6 7. O-O Nf6 8.
Be3 Bb4 9. Na4 O-O 10. Nxc6 bxc6 11. c4 Be7 12. Bd3 c5 13. f4 d6 14. g4 Bb7 15.
Nc3 Rfe8 16. g5 Nd7 17. Qg4 Bf8 18. Rae1 g6 19. h4 Bg7 20. h5 f5 21. exf5 exf5
22. Qh3 Nb6 23. Rf2 Qf7 24. hxg6 hxg6 25. Rh2 Re6 26. Qh7+ Kf8 27. Rhe2 Rae8
28. Nd1 Bf3 29. Kf1 Bxe2+ 30. Rxe2 Qb7 31. Qh3 Kf7 32. Nf2 Rh8 33. Qg3 Na4 34.
b3 Nc3 35. Rc2 Rxe3 36. Qxe3 Bd4 0-1

[Event "Mundial Juvenil 2005 s12"]
[Site "Belfort FRA"]
[Date "2005.07.23"]
[Round "5.10"]
[White "Arribas Lopez, Angel"]
[Black "Corlatescu, Dragos"]
[Result "1-0"]
[WhiteElo "2140"]
[BlackElo "1928"]
[PlyCount "81"]
[EventDate "2005.07.19"]
[EventType "swiss"]
[EventRounds "11"]
[EventCountry "FRA"]
[Source "lmi"]
[SourceDate "2005.07.31"]

1. e4 e5 2. Nf3 Nc6 3. Bb5 a6 4. Ba4 Nf6 5. O-O d6 6. Re1 Be7 7. c3 O-O 8. d3
Bg4 9. Nbd2 b5 10. Bc2 b4 11. h3 bxc3 12. bxc3 Be6 13. Ba4 Na7 14. Nf1 Nb5 15.
Qc2 Rb8 16. Bb3 h6 17. Ne3 c6 18. d4 exd4 19. cxd4 d5 20. e5 Ne4 21. Bb2 Rc8
22. a4 Na7 23. Qd3 Qa5 24. Ba3 Bxa3 25. Rxa3 Rb8 26. Bc2 Rfc8 27. Nc4 Qb4 28.
Nd6 Nxd6 29. Qh7+ Kf8 30. Rb3 Qxe1+ 31. Nxe1 Rxb3 32. exd6 f5 33. Bxb3 Rd8 34.
Bc2 Rxd6 35. Bxf5 Bg8 36. Qh8 Kf7 37. Bh7 Rd8 38. Nd3 Nc8 39. Ne5+ Kf6 40. Bxg8
Ne7 41. Ng4+ 1-0

[Event "Mundial Juvenil 2005 s12"]
[Site "Belfort FRA"]
[Date "2005.07.23"]
[Round "5.11"]
[White "Javakhadze, Zurab"]
[Black "Dilanian, Grigor"]
[Result "1/2-1/2"]
[WhiteElo "2135"]
[BlackElo "1599"]
[PlyCount "87"]
[EventDate "2005.07.19"]
[EventType "swiss"]
[EventRounds "11"]
[EventCountry "FRA"]
[Source "lmi"]
[SourceDate "2005.07.31"]

1. e4 c5 2. d4 cxd4 3. c3 dxc3 4. Nxc3 d6 5. Nf3 Nc6 6. Bc4 e6 7. O-O Be7 8.
Qe2 a6 9. a4 Nf6 10. Rd1 Qc7 11. h3 O-O 12. Bf4 e5 13. Be3 Be6 14. Nd5 Bxd5 15.
exd5 Nb4 16. a5 e4 17. Ne1 Rac8 18. Bb3 Qd7 19. Rd4 Nd3 20. Nxd3 exd3 21. Qxd3
Rc7 22. Rb4 Qc8 23. Kh2 Nd7 24. Bd4 Bf6 25. Bxf6 Nxf6 26. Qg3 Rd8 27. Rb6 Qd7
28. f3 Rc5 29. Qg5 h6 30. Qd2 Qc7 31. Qb4 Rb8 32. Qd2 Nd7 33. Rb4 Rxa5 34. Rg4
Rxa1 35. Qxh6 Kf8 36. Qxg7+ Ke7 37. Qg5+ Ke8 38. Qg8+ Ke7 39. Qg5+ Kf8 40. Rh4
Ke8 41. Qg8+ Ke7 42. Qg5+ Ke8 43. Qg8+ Ke7 44. Qg5+ 1/2-1/2

[Event "Mundial Juvenil 2005 s12"]
[Site "Belfort FRA"]
[Date "2005.07.23"]
[Round "5.12"]
[White "Firat, Burak"]
[Black "Iermito, Sebastian"]
[Result "0-1"]
[WhiteElo "1599"]
[BlackElo "2134"]
[PlyCount "94"]
[EventDate "2005.07.19"]
[EventType "swiss"]
[EventRounds "11"]
[EventCountry "FRA"]
[Source "lmi"]
[SourceDate "2005.07.31"]

1. e4 e6 2. d4 d5 3. e5 c5 4. c3 Qb6 5. Nf3 Bd7 6. Be2 cxd4 7. cxd4 Bb5 8. O-O
Bxe2 9. Qxe2 Nc6 10. Nc3 Nge7 11. Be3 Nf5 12. Rac1 Be7 13. g4 Nxe3 14. fxe3 O-O
15. g5 Rac8 16. Qg2 Na5 17. b3 Qa6 18. Qd2 Bb4 19. Ne1 Qc6 20. Qd3 Bxc3 21. b4
Qc4 22. bxa5 Qxd3 23. Nxd3 Bd2 24. Rxc8 Bxe3+ 25. Kg2 Rxc8 26. Nc5 Bxd4 27.
Nxb7 Bxe5 28. h4 Rc2+ 29. Kf3 Rxa2 30. Rc1 Ra3+ 31. Ke2 Rc3 32. Rb1 h6 33. gxh6
gxh6 34. Nd8 Rc8 35. Nb7 Kf8 36. Rb5 Ke7 37. Nc5 Kd6 38. Nb3 Bf6 39. Rb7 Rc7
40. Rb4 e5 41. Nd2 Kc5 42. Rb8 Bxh4 43. Nb1 Kc6 44. Nc3 d4 45. Na4 e4 46. Re8
Re7 47. Rb8 d3+ 0-1

[Event "Mundial Juvenil 2005 s12"]
[Site "Belfort FRA"]
[Date "2005.07.23"]
[Round "5.14"]
[White "Petenyi, Tamas"]
[Black "Sochacki, Christophe"]
[Result "1-0"]
[WhiteElo "2056"]
[BlackElo "1599"]
[PlyCount "97"]
[EventDate "2005.07.19"]
[EventType "swiss"]
[EventRounds "11"]
[EventCountry "FRA"]
[Source "lmi"]
[SourceDate "2005.07.31"]

1. e4 c5 2. Nf3 a6 3. c4 e6 4. Nc3 d6 5. d4 cxd4 6. Nxd4 Nf6 7. Be2 Be7 8. O-O
Qc7 9. Be3 Nbd7 10. Rc1 b6 11. f3 Bb7 12. Qd2 O-O 13. Rfd1 Rac8 14. b4 Rfe8 15.
b5 a5 16. Nc6 Bxc6 17. bxc6 Qxc6 18. Nb5 Rcd8 19. Nxd6 Ne5 20. Nxe8 Rxd2 21.
Nxf6+ gxf6 22. Bxd2 Kg7 23. Rc2 b5 24. Bxa5 b4 25. c5 Qa4 26. Rdc1 Qxa5 27. c6
Qc7 28. f4 Ng6 29. g3 Bd6 30. Kg2 Ne7 31. Rd1 e5 32. f5 Nc8 33. Rdc1 Nb6 34.
Bb5 Na8 35. Rd1 Qe7 36. Bc4 Nc7 37. Rcd2 Ne8 38. Bb3 Bc7 39. Rd7 Qc5 40. Rxf7+
Kh6 41. Rdd7 Qc1 42. Rxh7+ Kg5 43. h4+ Kg4 44. Bd1+ Qxd1 45. Rxd1 Bb6 46. Rdd7
b3 47. axb3 Bf2 48. Kxf2 Kh3 49. Rhe7 1-0

[Event "Mundial Juvenil 2005 s12"]
[Site "Belfort FRA"]
[Date "2005.07.23"]
[Round "5.15"]
[White "Ospanov, Nazar"]
[Black "Kociscak, Jiri"]
[Result "1-0"]
[WhiteElo "1599"]
[BlackElo "2052"]
[PlyCount "69"]
[EventDate "2005.07.19"]
[EventType "swiss"]
[EventRounds "11"]
[EventCountry "FRA"]
[Source "lmi"]
[SourceDate "2005.07.31"]

1. e4 c5 2. Nf3 Nc6 3. d4 cxd4 4. Nxd4 Nf6 5. Nc3 e6 6. Bf4 d6 7. Ndb5 e5 8.
Bg5 a6 9. Na3 b5 10. Bxf6 gxf6 11. Nd5 f5 12. Bd3 Be6 13. Qh5 Rg8 14. g3 Nd4
15. O-O-O Rc8 16. Qxh7 Rg7 17. Qh6 Bxd5 18. exd5 Rxg3 19. Qh8 Rg6 20. Rhe1 Qg5+
21. Kb1 Rh6 22. Rxe5+ Kd7 23. Re7+ Bxe7 24. Qxd4 Rc5 25. f4 Qh5 26. Re1 Bh4 27.
Re2 Bd8 28. b4 Rc7 29. Nxb5 Qh3 30. Re1 Bh4 31. Qb6 Rc8 32. Qb7+ Kd8 33. Qxf7
Bxe1 34. Qf8+ Kd7 35. Bxf5+ 1-0

[Event "Mundial Juvenil 2005 s12"]
[Site "Belfort FRA"]
[Date "2005.07.23"]
[Round "5.17"]
[White "Urkedal, Frode"]
[Black "Zhao, Parker"]
[Result "0-1"]
[WhiteElo "1599"]
[BlackElo "2029"]
[PlyCount "84"]
[EventDate "2005.07.19"]
[EventType "swiss"]
[EventRounds "11"]
[EventCountry "FRA"]
[Source "lmi"]
[SourceDate "2005.07.31"]

1. d4 d5 2. c4 e6 3. Nc3 c6 4. Nf3 Nf6 5. Bg5 h6 6. Bxf6 Qxf6 7. Rc1 dxc4 8. a4
Bb4 9. e4 b5 10. axb5 cxb5 11. b3 O-O 12. bxc4 bxc4 13. Bxc4 Bb7 14. Qe2 Nc6
15. Qe3 Rac8 16. e5 Qd8 17. Be2 Qa5 18. O-O Bxc3 19. Qxc3 Qxc3 20. Rxc3 Nxd4
21. Nxd4 Rxc3 22. Nb5 Rc2 23. Bd3 Rd2 24. Bc4 Rc8 25. Na3 Bd5 26. Ba6 Rc6 27.
Bb5 Rc5 28. Nb1 Rb2 29. Bd7 Ba2 30. Na3 Rb3 31. Nb5 Rbxb5 32. Bxb5 Rxb5 33. Ra1
Rb1+ 34. Rxb1 Bxb1 35. Kf1 a5 36. Ke2 a4 37. Kd2 a3 38. Kc3 Be4 39. f3 Bd5 40.
h4 a2 41. Kb2 h5 42. g4 Bxf3 0-1

[Event "Mundial Juvenil 2005 s12"]
[Site "Belfort FRA"]
[Date "2005.07.23"]
[Round "5.18"]
[White "Rzayev, Bahruz"]
[Black "So, Wesley"]
[Result "0-1"]
[WhiteElo "1599"]
[BlackElo "2165"]
[PlyCount "91"]
[EventDate "2005.07.19"]
[EventType "swiss"]
[EventRounds "11"]
[EventCountry "FRA"]
[Source "lmi"]
[SourceDate "2005.07.31"]

1. e4 c5 2. f4 g6 3. Nf3 Bg7 4. d3 d5 5. Qe2 Nc6 6. g3 dxe4 7. dxe4 e5 8. c3
Nge7 9. Bg2 O-O 10. O-O b6 11. Be3 a5 12. Qc2 Ba6 13. Rd1 Qc7 14. Nbd2 Bh6 15.
Ng5 exf4 16. Bxf4 Ne5 17. Ndf3 N7c6 18. Nxe5 Nxe5 19. Rd5 Rae8 20. Qd2 Bg7 21.
b3 Bb7 22. Rd6 h6 23. Nf3 Nxf3+ 24. Bxf3 g5 25. Rd7 Qc8 26. Rc7 Qb8 27. Qd7 Bc8
28. Qxe8 Rxe8 29. Re7 Rxe7 30. Bxb8 Bxc3 31. Rd1 Bd4+ 32. Kf1 Bh3+ 33. Ke2 Rb7
34. Bd6 Rd7 35. e5 f6 36. Bc6 Bg4+ 37. Kd3 Bxd1 38. Bxd7 fxe5 39. Bc7 Bf3 40.
Bxb6 c4+ 41. Kxc4 Bxb6 42. Kb5 Bd8 43. a3 e4 44. Bc6 Be2+ 45. Ka4 e3 46. Be4
0-1

[Event "Mundial Juvenil 2005 s12"]
[Site "Belfort FRA"]
[Date "2005.07.23"]
[Round "5.19"]
[White "Baragano Campa, David"]
[Black "Guevara-Perez, Jorge-Alejandro"]
[Result "0-1"]
[WhiteElo "2027"]
[BlackElo "1599"]
[PlyCount "82"]
[EventDate "2005.07.19"]
[EventType "swiss"]
[EventRounds "11"]
[EventCountry "FRA"]
[Source "lmi"]
[SourceDate "2005.07.31"]

1. e4 e5 2. Nf3 Nc6 3. Bb5 a6 4. Ba4 Nf6 5. O-O b5 6. Bb3 Be7 7. Re1 O-O 8. c3
d5 9. exd5 Nxd5 10. Nxe5 Nxe5 11. Rxe5 c6 12. d4 Bd6 13. Re1 Qh4 14. g3 Qh3 15.
Qd3 Bg4 16. Qf1 Qh5 17. Nd2 f5 18. c4 bxc4 19. Nxc4 Bc7 20. Ne5 Kh8 21. Bxd5
cxd5 22. Be3 g5 23. f4 Bh3 24. Qf3 Qxf3 25. Nxf3 gxf4 26. Ng5 fxe3 27. Nxh3
Rae8 28. Re2 Rg8 29. Rf1 Rg4 30. Rxf5 Rxd4 31. Kg2 Rd2 32. Kf3 d4 33. Ng5 Bb6
34. Nf7+ Kg7 35. Ne5 Rxe2 36. Kxe2 h6 37. Nc4 d3+ 38. Kd1 e2+ 39. Ke1 Rc8 40.
b3 Bd4 41. Rf4 Rxc4 0-1

[Event "Mundial Juvenil 2005 s12"]
[Site "Belfort FRA"]
[Date "2005.07.23"]
[Round "5.20"]
[White "Pavlidis, Antonios"]
[Black "Coustance, Kevin"]
[Result "1-0"]
[WhiteElo "1989"]
[BlackElo "1599"]
[PlyCount "43"]
[EventDate "2005.07.19"]
[EventType "swiss"]
[EventRounds "11"]
[EventCountry "FRA"]
[Source "lmi"]
[SourceDate "2005.07.31"]

1. e4 c5 2. Nf3 Nc6 3. Bb5 g6 4. Bxc6 bxc6 5. O-O Bg7 6. d3 e6 7. Nc3 d5 8. Bf4
Ne7 9. Qd2 Ba6 10. Bh6 O-O 11. h3 c4 12. Bxg7 Kxg7 13. d4 Rb8 14. Rab1 dxe4 15.
Ng5 Nf5 16. Qf4 Nxd4 17. Rfd1 Rxb2 18. Rxb2 Ne2+ 19. Nxe2 Qxd1+ 20. Kh2 Qxe2
21. Rb8 e5 22. Ne6+ 1-0

[Event "Mundial Juvenil 2005 s12"]
[Site "Belfort FRA"]
[Date "2005.07.24"]
[Round "6.1"]
[White "Rajesh, V A V."]
[Black "Sjugirov, Sanan"]
[Result "0-1"]
[WhiteElo "2157"]
[BlackElo "2358"]
[PlyCount "90"]
[EventDate "2005.07.19"]
[EventType "swiss"]
[EventRounds "11"]
[EventCountry "FRA"]
[Source "lmi"]
[SourceDate "2005.07.31"]

1. e3 Nf6 2. g3 g6 3. Bg2 Bg7 4. Ne2 O-O 5. d4 d6 6. O-O Nbd7 7. c4 e5 8. Nbc3
Re8 9. b3 Nf8 10. Bb2 e4 11. Qc2 Bf5 12. d5 Qc8 13. Rad1 Bh3 14. Rd4 Bxg2 15.
Kxg2 Qf5 16. Rdd1 Qf3+ 17. Kg1 a6 18. Nd4 Qh5 19. Kg2 N8d7 20. Qe2 Qe5 21. b4
Qe7 22. Nb3 Ne5 23. c5 Nd3 24. Ba3 Nh5 25. Na4 Qg5 26. Kh1 Qxd5 27. cxd6 b5 28.
Nb2 cxd6 29. Kg1 Bxb2 30. Bxb2 Qc4 31. Ba1 Qxb4 32. f3 d5 33. fxe4 dxe4 34. g4
Ng7 35. Nc1 Ne5 36. Rd4 Nc4 37. Qf2 f5 38. Rd7 Ne5 39. Rxg7+ Kxg7 40. gxf5 Kg8
41. fxg6 Nf3+ 42. Kh1 Qd6 43. gxh7+ Kxh7 44. Ne2 Re6 45. Qg2 Qd8 0-1

[Event "Mundial Juvenil 2005 s12"]
[Site "Belfort FRA"]
[Date "2005.07.24"]
[Round "6.3"]
[White "Mihok, Oliver"]
[Black "Nyzhnyk, Illya"]
[Result "1-0"]
[WhiteElo "2157"]
[BlackElo "2131"]
[PlyCount "103"]
[EventDate "2005.07.19"]
[EventType "swiss"]
[EventRounds "11"]
[EventCountry "FRA"]
[Source "lmi"]
[SourceDate "2005.07.31"]

1. e4 e5 2. Nf3 Nc6 3. d4 exd4 4. Nxd4 Nf6 5. Nxc6 bxc6 6. e5 Qe7 7. Qe2 Nd5 8.
c4 Ba6 9. b3 Qh4 10. a3 Bc5 11. Ra2 O-O 12. g3 Qe7 13. Bb2 Nb6 14. Nd2 Qe6 15.
Bg2 Rae8 16. Ne4 Be7 17. Qe3 d5 18. exd6 cxd6 19. O-O d5 20. Qc3 Qg6 21. Nd2 c5
22. Qa5 Bc8 23. cxd5 a6 24. Nc4 Nxc4 25. bxc4 Bd6 26. Bc1 Bf5 27. Be3 Bd3 28.
Rc1 Bxc4 29. Rd2 Bb5 30. a4 Bd7 31. Rdc2 Bf5 32. Rc3 Be4 33. Bxc5 Bxg2 34. Kxg2
Qe4+ 35. Kg1 Qxd5 36. Qxa6 Bxc5 37. Rxc5 Qe4 38. a5 h6 39. Qc6 Qb4 40. a6 Ra8
41. Qb7 Qg4 42. a7 Qh3 43. Rc7 Rad8 44. Qb3 Rde8 45. Rb7 Ra8 46. Ra1 Qc8 47.
Rd1 Qc6 48. Rb8 Kh7 49. Rb1 Qa6 50. Rxf8 Rxf8 51. Qb8 Qa3 52. Qxf8 1-0

[Event "Mundial Juvenil 2005 s12"]
[Site "Belfort FRA"]
[Date "2005.07.24"]
[Round "6.4"]
[White "Mai, Lloyd Thu-Truc-Lam"]
[Black "Sethuraman, S.p"]
[Result "0-1"]
[WhiteElo "2030"]
[BlackElo "2203"]
[PlyCount "104"]
[EventDate "2005.07.19"]
[EventType "swiss"]
[EventRounds "11"]
[EventCountry "FRA"]
[Source "lmi"]
[SourceDate "2005.07.31"]

1. e4 e5 2. Nf3 Nc6 3. Bc4 Nf6 4. d3 Be7 5. O-O O-O 6. Re1 d6 7. h3 Na5 8. Bb3
Nxb3 9. axb3 c5 10. Be3 Ne8 11. b4 cxb4 12. Bxa7 Nc7 13. Nbd2 Be6 14. Bb6 Qd7
15. Ba5 Na6 16. d4 Qb5 17. Qe2 Qxe2 18. Rxe2 Rfc8 19. d5 Bd7 20. Nb3 Bb5 21.
Rd2 Rc4 22. Re2 Rac8 23. Rc1 Ba4 24. Na1 Nc5 25. Nd2 Nd3 26. Rf1 Rxc2 27. Nxc2
Rxc2 28. b3 Bb5 29. Ra1 g6 30. g3 Nc5 31. Ree1 Rxd2 32. Bxb4 Rd3 33. Bxc5 dxc5
34. Red1 Rxd1+ 35. Rxd1 Bd6 36. Rd2 c4 37. bxc4 Bxc4 38. Kg2 b5 39. Rc2 Kf8 40.
f3 Ke7 41. Kf2 Kd7 42. Ke3 Kc7 43. Kd2 Kb6 44. Rc1 Kc5 45. Ra1 b4 46. Ra7 Kd4
47. Rd7 Bc5 48. d6 b3 49. Rd8 Bb4+ 50. Kd1 Kc3 51. Rb8 Bxd6 52. Rd8 b2 0-1

[Event "Mundial Juvenil 2005 s12"]
[Site "Belfort FRA"]
[Date "2005.07.24"]
[Round "6.5"]
[White "Zhao, Parker"]
[Black "Hou, Yifan"]
[Result "0-1"]
[WhiteElo "2029"]
[BlackElo "2158"]
[PlyCount "54"]
[EventDate "2005.07.19"]
[EventType "swiss"]
[EventRounds "11"]
[EventCountry "FRA"]
[Source "lmi"]
[SourceDate "2005.07.31"]

1. e4 c5 2. Nf3 d6 3. c3 Nf6 4. Be2 g6 5. O-O Bg7 6. Re1 O-O 7. Bf1 Nc6 8. d4
cxd4 9. cxd4 Bg4 10. Nc3 Bxf3 11. gxf3 e5 12. d5 Nd4 13. Be3 Nh5 14. Nb5 Qf6
15. Nxd4 exd4 16. Bd2 Qh4 17. Bg2 Be5 18. h3 Bf4 19. Kf1 Qg5 20. Bc1 Bxc1 21.
Rxc1 Nf4 22. Bh1 Qh4 23. Qxd4 Qxh3+ 24. Kg1 Rae8 25. e5 Qh4 26. Qd2 Qg5+ 27.
Kf1 Qh6 0-1